000 00416nam a22001337a 4500
003 SGT
020 _a9788183618588
082 _a330
_bG17U
100 _aउपाधयाय, सुजय प्रकाश
245 _aGST क़्या: किसके लिए: कैसे
260 _bराधाकृष्ण प्रकाशन प्रा. लि.
_c2017
300 _a179
942 _2ddc
_cBK
999 _c29308
_d29308